Nursing practice : (Record no. 23944)
[ view plain ]
| 000 -LEADER | |
|---|---|
| fixed length control field | 01029cam a22002775a 4500 |
| 001 - CONTROL NUMBER | |
| control field | 18174286 |
| 005 - DATE AND TIME OF LATEST TRANSACTION | |
| control field | 20170115150353.0 |
| 008 - FIXED-LENGTH DATA ELEMENTS--GENERAL INFORMATION | |
| fixed length control field | 140523s2014 enka frb 001 0 eng d |
| 020 ## - INTERNATIONAL STANDARD BOOK NUMBER | |
| International Standard Book Number | 9781118481363 |
| 040 ## - CATALOGING SOURCE | |
| Original cataloging agency | DNLM/DLC |
| Transcribing agency | DLC |
| Language of cataloging | eng |
| Modifying agency | EG-ScBUE |
| 082 04 - DEWEY DECIMAL CLASSIFICATION NUMBER | |
| Edition number | 22 |
| Classification number | 610.73 |
| Item number | NUR |
| 130 0# - MAIN ENTRY--UNIFORM TITLE | |
| Uniform title | Nursing practice (Peate) |
| 245 10 - TITLE STATEMENT | |
| Title | Nursing practice : |
| Remainder of title | knowledge and care / |
| Statement of responsibility, etc | edited by Ian Peate, Karen Wild, Muralitharan Nair. |
| 260 ## - PUBLICATION, DISTRIBUTION, ETC. (IMPRINT) | |
| Place of publication, distribution, etc | Chichester : |
| Name of publisher, distributor, etc | John Wiley & Sons, |
| Date of publication, distribution, etc | 2014. |
| 300 ## - PHYSICAL DESCRIPTION | |
| Extent | xxvi, 962 p. : |
| Other physical details | ill. ; |
| Dimensions | 28 cm. |
| 504 ## - BIBLIOGRAPHY, ETC. NOTE | |
| Bibliography, etc | Includes bibliographical references and index. |
| 650 #7 - SUBJECT ADDED ENTRY--TOPICAL TERM | |
| Topical term or geographic name as entry element | Nursing Care |
| General subdivision | Methods. |
| Source of heading or term | BUEsh |
| 9 (RLIN) | 28926 |
| 650 #7 - SUBJECT ADDED ENTRY--TOPICAL TERM | |
| Topical term or geographic name as entry element | Nursing Process. |
| Source of heading or term | BUEsh |
| 9 (RLIN) | 4471 |
| 651 ## - SUBJECT ADDED ENTRY--GEOGRAPHIC NAME | |
| Source of heading or term | BUEsh |
| 653 ## - INDEX TERM--UNCONTROLLED | |
| Resource For college | Nursing |
| Arrived date list | January2017 |
| 700 1# - ADDED ENTRY--PERSONAL NAME | |
| Personal name | Peate, Ian, |
| Relator term | editor. |
| 700 1# - ADDED ENTRY--PERSONAL NAME | |
| Personal name | Wild, Karen, |
| Dates associated with a name | 1959- |
| Relator term | editor. |
| 700 1# - ADDED ENTRY--PERSONAL NAME | |
| Personal name | Nair, Muralitharan, |
| Relator term | editor. |
| 9 (RLIN) | 23576 |
| 776 08 - ADDITIONAL PHYSICAL FORM ENTRY | |
| Display text | Online version: |
| Place, publisher, and date of publication | Chichester, West Sussex, UK ; Malden, MA : John Wiley & Sons Inc., 2014 |
| International Standard Book Number | 9781118496787 |
| Record control number | (DLC) 2014022006 |
| 942 ## - ADDED ENTRY ELEMENTS (KOHA) | |
| Source of classification or shelving scheme | Dewey Decimal Classification |
| Withdrawn status | Item status | Source of classification or shelving scheme | Damaged status | Not for loan | Vendor | Home library | Current library | Shelving location | Date acquired | Source of acquisition | Cost, normal purchase price | Serial Enumeration / chronology | Total Checkouts | Total Renewals | Full call number | Barcode | Date last seen | Date last borrowed | Cost, replacement price | Koha item type |
|---|---|---|---|---|---|---|---|---|---|---|---|---|---|---|---|---|---|---|---|---|
| Dewey Decimal Classification | Academic Bookshop | Central Library | Central Library | First floor | 15/01/2017 | Purchase | 448.00 | 2000074 | 3 | 12 | 610.73 NUR | 000040968 | 15/07/2025 | 29/03/2018 | 560.00 | Book - Borrowing |